| 000 | 00940nam a2200265 a 4500 | ||
|---|---|---|---|
| 999 |
_c454931 _d454931 |
||
| 003 | BLK | ||
| 005 | 20250625132654.0 | ||
| 008 | 180411b bul|||||r ||||||| ||bul|| | ||
| 020 | _a9786197614145 | ||
| 040 | _aBLK | ||
| 041 |
_aBUL _cBUL |
||
| 080 |
_aБългарска литература _b821.163.2 _x-32 _z821.163.2-32 |
||
| 100 |
_aБърдаров, Георги Костадинов _d1973- _gГеограф. Писател. _9379995 |
||
| 139 |
_aБърдаров, Георги Костадинов _bБ 93 |
||
| 245 | 1 | 0 |
_aДо последната минута _bРазкази _cГеорги Бърдаров |
| 257 | _aBGR | ||
| 260 |
_bМусагена _c2021 _9394110 _aСофия |
||
| 300 |
_a141 с. _c22 см |
||
| 380 | _aX | ||
| 852 | _aЦб 312254 | ||
| 856 | 4 |
_qpdf _i0.00 _ldisable |
|
| 856 | 4 |
_qpdf _i0.00 _ldisable |
|
| 942 |
_cKNG _n0 _056 _s1 |
||
| 944 |
_aCR _c2022-05-10 _k30560 _lГеновева Генчева |
||